000 00580nam a2200193Ia 4500
003 GCL
008 140319s9999 xx 000 0 ara d
040 _aGCL /
_cGCL
082 0 4 _aق
_b320.531
_bر ط
100 1 _aرفعت السعيد
245 1 0 _aطلائع الفكر الاشتراكى فى مصر /
_cرفعت السعيد
300 _a88 ص
490 _aكتاب
_v0
650 0 4 _aالعلوم السياسية
650 0 4 _aالاشتراكية الوطنية
650 0 4 _aالاشتراكية - مصر
650 0 4 _aالعمال والعمل
942 _2ddc
_cBK
999 _c51571
_d51571